Statistics for 2016 NFL Team Receiving Yard Leader

Click here to take the quiz!

General Stats

  • This quiz has been taken 137 times
  • The average score is 14 of 32

Answer Stats

HintAnswer% Correct
PatriotsJulian Edelman
91%
SteelersAntonio Brown
83%
GiantsOdell Beckham Jr.
80%
PackersJordy Nelson
77%
FalconsJulio Jones
76%
ChiefsTravis Kelce
70%
SeahawksDoug Baldwin
69%
CardinalsLarry Fitzgerald
68%
TexansDeAndre Hopkins
66%
BengalsA.J. Green
62%
RaidersAmari Cooper
62%
BroncosDemaryius Thomas
60%
BuccaneersMike Evans
60%
VikingsAdam Thielen
58%
ColtsT.Y. Hilton
56%
DolphinsJarvis Landry
52%
JaguarsAllen Robinson
47%
LionsGolden Tate
47%
ChargersTyrell Williams
36%
RedskinsPierre Garcon
32%
EaglesZach Ertz
32%
CowboysCole Beasley
29%
SaintsBrandin Cooks
26%
RamsKenny Britt
19%
RavensMike Wallace
14%
BrownsTerrelle Pryor
12%
BillsRobert Woods
11%
PanthersGreg Olson
8%
TitansRishard Matthews
6%
BearsCameron Meredith
5%
49ersJeremy Kerley
3%
JetsQuincy Enuwa
1%

Score Distribution

Percentile by Number Answered

Percent of People with Each Score

Your Score History

You have not taken this quiz